• 首页
  • 本馆介绍
  • 公告通知
  • 最新文献
  • 馆藏检索
  • 电子资源
  • 读者导购
  • 参考咨询
  • 我的图书馆
  • 登录
  • 详细信息显示
  • 放入我的书架
  • 预约/预借图书
  • 作者相关作品
  • 分类相关作品
  • 丛书相关作品
  • 出版社相关作品

书目信息

  • 表格格式
  • 工作单格式
  • 卡片格式
题名:
全面掌握中文版 Word 2002
    
 
作者: 康博创作室 编著
分册:  
出版信息: 北京   清华大学出版社  2002.01
页数: 498页
开本: 16开
丛书名:
单 册:
中图分类: TP391.12
科图分类:
主题词: 计算机应用
电子资源:
ISBN: 7-302-04986-6
000 00602nam0 2200193 45
001 0210281563
005 20021028153635.0
010    @a7-302-04986-6@d45.00元
100    @a20021028d2002 km y0chiy0120 ea
101 0  @achi
105    @a z 000yy
200 1  @a全面掌握中文版 Word 2002@AQuan Mian Zhang Wo Zhong Wen Ban Word 2002@f康博创作室编著@FKang Bo Chuang Zuo Shi Bian Zhu
210    @a北京@c清华大学出版社@d2002.01
215    @a498页@d16开
606 0  @a计算机应用
690    @aTP391.12@v3
701  0 @a康博创作室@4编著
801    @aCN@bPftUser@c20021028
905    @aBZT@b342678-680@dTP391.12@e1@f3
    
    全面掌握中文版 Word 2002/康博创作室编著.-北京:清华大学出版社,2002.01
    498页;16开
    
    
    ISBN 7-302-04986-6:45.00元
    
●
相关链接 在五车中查询图书 在当当中查询图书 在豆瓣中查询图书


正题名:全面掌握中文版 Word 2002     索取号:TP391.12/1         预约/预借

序号 登录号 条形码 馆藏地/架位号 状态 备注
1 342678   201393722   中心书库中库/ 中库027架A面7列5层21/ [索取号:TP391.12/1] 在馆    
2 342679   201393713   中心书库中库/ 中库027架A面7列5层19/ [索取号:TP391.12/1] 在馆    
3 342680   201393704   中心书库中库/ 中库027架A面7列5层20/ [索取号:TP391.12/1] 在馆    
山东省滨州职业学院图书馆 欢迎您!
大连网信软件有限公司© 版权所有